000 03559cam a22004694a 4500
005 20250605164040.0
008 250528s ||||||||||||||||||||||||d
035 _a16963
020 _a9607019423
040 _aGR-AtMCL
_bgre
_dGR-AtMCL
_eAACR2
245 1 _aΗ Επιθετικότητα / Στην Οικογένεια, στο Σχολείο, στην Κοινωνία
250 _a
260 _bΕλληνικά Γράμματα
_bΠαπαδόπουλος,
_c1996
300 _a328
520 _aΜια συλλογική προσπάθεια για την επιστημονική - σε βάθος και σε εύρος - μελέτη του φαινομένου της επιθετικότητας. Πρόλογος, Επισκόπηση και Αξιολόγηση του Φαινομένου της Επιθετικότητας στην Ελλάδα, Επιθετικότητα: Κλασσικές Θεωρίες και Πειραματικές Διαπιστώσεις, Η Νευροψυχολογία της Επιθετικότητας, Κοινωνικά Αίτια της Κυκλικής και Κάθετης και Οριζόντιας Αμφίδρομης Επιθετικής Συμπεριφοράς στις Πρωτογενείς Ομάδες Κοινωνικοποίησης, Γλώσσα και Επιθετικότητα, Διομαδική Σύγκρουση και Λογοανάλυση στην Κοινωνική Ψυχολογία, Εμπειρίες και Αναμνήσεις Βιαιοτήτων: Μια Άλλη Λογική, Η Επιθετική Συμπεριφορά και τα Ηλεκτρομαγνητικά Πεδία, Συγκρουσιακά Μοντέλα στην Κλινική Ψυχοπαθολογία: Θεωρητική Προσέγγιση, Η Τιμωρία ως Μορφή Επιθετικής Συμπεριφοράς των Ελλήνων Πατέρων προς τα Παιδιά τους, Γυναίκες και Βια στην Οικογένεια και στην Κοινωνία, Σεξουαλική Κακοποίηση των Παιδιών, Ψυχοπαθολογία και Επιθετικότητα, Πολιτική Βία - Τρομοκρατία: Το Πρόβλημα του Ορισμού, Θεραπεία της Συμπεριφοράς και Παιδική Επιθετικότητα, Συνειδητότητα και Διαλογισμός και Επιθετικότητα: Από το Άτομο στην Κοινωνία, Ευρετήριο Όρων.
700 1 _aΑνταμένκο Β
_93064
700 1 _aΑσημάκης Π
_93065
700 1 _aΒελλή Θ
_93066
700 1 _aΒλάχος Φ
_93067
700 1 _aΒουιδάσκης Β
_93068
700 1 _aΖέρβας Γ
_93069
700 1 _aΚάντας Α
_93070
700 1 _aΚαραπέτσας Α
_9237
700 1 _aΚορδούτης Π
_93071
700 1 _aΚούρτη Ε
_93072
700 1 _aΚρασανάκης Γ
_93073
700 1 _aΛαμπίδη Α
_93074
700 1 _aΜιχαηλίδη-Παπαδάκη Ε
_93075
700 1 _aΜπόση Μ
_93076
700 1 _aΝέστορος Ι
_93077
700 1 _aΠαρίτσης Ν
_93078
700 1 _aΠασχάλης Α
_93079
700 1 _aΠλατιάς Α
_93080
700 1 _aΠουρκός Μ
_93081
700 1 _aΡήγα Α.Β
_93082
700 1 _aΣκόδρα Ε
_93083
700 1 _aΤοδούλου Μ
_93084
700 1 _aΤριλίβα Σ
_93085
942 _cBK
999 _c2406
_d2406